Statistics for European Capitals with the Biggest Seasonal Temperature Variation

Click here to take the quiz!

General Stats

  • This quiz has been taken 76 times
  • The average score is 10 of 12

Answer Stats

°CCapital% Correct
25.9Moscow
100%
24.0Kiev
94%
23.0Minsk
93%
23.8Bucharest
88%
21.8Sofia
85%
22.4Budapest
84%
23.3Helsinki
78%
21.7Bratislava
76%
21.6Belgrade
75%
24.0Chișinău
69%
22.0Vilnius
64%
23.7Skopje
57%

Score Distribution

Percentile by Number Answered

Percent of People with Each Score

Your Score History

You have not taken this quiz